<?xml version="1.0" encoding="UTF-8"?>
<collection xmlns="http://www.loc.gov/MARC21/slim">
 <record>
  <leader>06015nam a2200457 a 4500</leader>
  <controlfield tag="001">kal5053</controlfield>
  <controlfield tag="003">Gr-AtHEAL</controlfield>
  <controlfield tag="005">20160425133201.0</controlfield>
  <controlfield tag="006">m        d        </controlfield>
  <controlfield tag="008">160413s2015    gr      s           gre|c</controlfield>
  <datafield tag="020" ind1=" " ind2=" ">
   <subfield code="a">9789606033964</subfield>
  </datafield>
  <datafield tag="040" ind1=" " ind2=" ">
   <subfield code="a">GR-AtHEAL</subfield>
   <subfield code="b">gre</subfield>
   <subfield code="c">GR-AtHEAL</subfield>
  </datafield>
  <datafield tag="082" ind1="0" ind2="4">
   <subfield code="a">536</subfield>
   <subfield code="2">23</subfield>
  </datafield>
  <datafield tag="100" ind1="1" ind2=" ">
   <subfield code="a">Κούτσελος, Ανδρέας.</subfield>
   <subfield code="8">1203</subfield>
  </datafield>
  <datafield tag="245" ind1="1" ind2="0">
   <subfield code="a">Στατιστική θερμοδυναμική</subfield>
   <subfield code="h">[Ηλεκτρονικός πόρος] </subfield>
   <subfield code="c">Κούτσελος, Ανδρέας ; Κριτικός αναγνώστης,Διάκονος, Φώτιος ; Τεχνική επιμέλεια,Ζήνας, Νικόλαος ; Γλωσσική επιμέλεια,Κλαδά, Νεκταρία.</subfield>
  </datafield>
  <datafield tag="260" ind1=" " ind2=" ">
   <subfield code="a">Αθήνα :</subfield>
   <subfield code="b">Σύνδεσμος Ελληνικών Ακαδημαϊκών Βιβλιοθηκών,</subfield>
   <subfield code="c">c2015.</subfield>
  </datafield>
  <datafield tag="490" ind1=" " ind2=" ">
   <subfield code="a">Ακαδημαϊκά Ηλεκτρονικά Συγγράμματα και Βοηθήματα Κάλλιπος</subfield>
   <subfield code="8">40</subfield>
  </datafield>
  <datafield tag="505" ind1="0" ind2=" ">
   <subfield code="a">1. Εισαγωγή2. Θερμοδυναμική3. Μηχανική4. Βασική Θεωρία Πιθανοτήτων5. Κινητική Θεωρία Αερίων6. Στατιστικά Μηχανικά Σύνολα7. Κανονικό Στατιστικό Σύνολο8. Μεγαλοκανονικό Στατιστικό Σύνολο9. Γενικευμένα Στατιστικά Σύνολα10. Πολυατομικά Μόρια11. Αλληλεπιδρώντα Συστήματα12. Μοριακή Προσομοίωση</subfield>
  </datafield>
  <datafield tag="520" ind1=" " ind2=" ">
   <subfield code="a">H στατιστική θερμοδυναμική αναπαράγει τις μακροσκοπικές θερμοδυναμικές ιδιότητες της ύλης με βάση τις μικροσκοπικές μοριακές αλληλεπιδράσεις. Αυτό επιτυγχάνεται μέσω των νόμων της στατιστικής, που παράγουν την σύνθετη φαινομενολογική συμπεριφορά της ύλης στην ισορροπία από τις απλούστερες αλληλεπιδράσεις των σωματιδίων. Μέσω της θεωρίας μπορούν να προβλεφθούν καταστατικοί νόμοι αλλά και η μέση μοριακή δομή και η δυναμική συμπεριφορά της ύλης. Αντίστροφα, τα μακροσκοπικά πειραματικά δεδομένα μπορούν να αναχθούν στις διαμοριακές αλληλεπιδράσεις και να υπολογισθούν διαμοριακά δυναμικά. Αυτή η διαδικασία συμπυκνώνει την φυσκή πληροφορία σε μικροσκοπικές ποσότητες, που με την σειρά τους μπορούν να χρησιμοποιηθούν για τον προσδιορισμό πολλών θερμοδυναμικών και κινητικών ιδιοτήτων. Η θεωρία εφαρμόζεται για κάθε μακροσκοπικό σύστημα στην ισορροπία, όπως τα ιδανικά και πραγματικά αέρια, τα υγρά, οι κρύσταλλοι, τα αέρια ηλεκτρονίων και φωνονίων, τα κβαντικά συστήματα, κλπ.Παράλληλα, η ανάπτυξη των ηλεκτρονικών υπολογιστών επιτρέπει την προσομοίωση των θερμοδυναμικών συστημάτων με τον υπολογισμό των θέσεων των σωματιδίων στο χρόνο και την επεξεργασία τους με βάση την στατιστική μηχανκή. Αυτός ο νέος τομέας υπολογισμού μακροσκοπικών ποσοτήτων μέσω των προσομοιώσεων μοριακής δυναμικής καθώς και της στοχαστικής μεθόδου Μόντε Κάρλο είναι χρήσιμος για την πρόβλεψη ιδιοτήτων αλλά και αντίστροφα, για τον προσδιορισμό των μικροσκοπικών αλληλεπιδράσεων με βάση τα πειραματικά δεδομένα.</subfield>
  </datafield>
  <datafield tag="650" ind1=" " ind2="0">
   <subfield code="a">Statistical thermodynamics</subfield>
   <subfield code="8">2435</subfield>
  </datafield>
  <datafield tag="653" ind1=" " ind2=" ">
   <subfield code="a">Κινητικά φαινόμενα</subfield>
  </datafield>
  <datafield tag="653" ind1=" " ind2=" ">
   <subfield code="a">Κινητική θεωρία αερίων</subfield>
  </datafield>
  <datafield tag="653" ind1=" " ind2=" ">
   <subfield code="a">Μη ιδανικά αέρια</subfield>
  </datafield>
  <datafield tag="653" ind1=" " ind2=" ">
   <subfield code="a">Κβαντική στατιστική</subfield>
  </datafield>
  <datafield tag="653" ind1=" " ind2=" ">
   <subfield code="a">Στατιστικά σύνολα</subfield>
  </datafield>
  <datafield tag="653" ind1=" " ind2=" ">
   <subfield code="a">Διακυμάνσεις</subfield>
  </datafield>
  <datafield tag="653" ind1=" " ind2=" ">
   <subfield code="a">Στατιστική μηχανική</subfield>
  </datafield>
  <datafield tag="653" ind1=" " ind2=" ">
   <subfield code="a">Στατιστική θερμοδυναμική</subfield>
  </datafield>
  <datafield tag="653" ind1=" " ind2=" ">
   <subfield code="a">Χημεία/Γενική χημεία</subfield>
   <subfield code="a">Φυσικοχημεία</subfield>
   <subfield code="a">Κινητική θεωρία</subfield>
  </datafield>
  <datafield tag="653" ind1=" " ind2=" ">
   <subfield code="a">Χημεία/Γενική χημεία</subfield>
   <subfield code="a">Φυσικοχημεία</subfield>
   <subfield code="a">Καταστατική εξίσωση</subfield>
  </datafield>
  <datafield tag="653" ind1=" " ind2=" ">
   <subfield code="a">Χημεία/Γενική χημεία</subfield>
   <subfield code="a">Φυσικοχημεία</subfield>
   <subfield code="a">Ενθαλπία</subfield>
  </datafield>
  <datafield tag="653" ind1=" " ind2=" ">
   <subfield code="a">Χημεία/Γενική χημεία</subfield>
   <subfield code="a">Φυσικοχημεία</subfield>
   <subfield code="a">Εντροπία</subfield>
  </datafield>
  <datafield tag="653" ind1=" " ind2=" ">
   <subfield code="a">Χημεία/Γενική χημεία</subfield>
   <subfield code="a">Φυσικοχημεία</subfield>
   <subfield code="a">Θερμοδυναμική</subfield>
  </datafield>
  <datafield tag="653" ind1=" " ind2=" ">
   <subfield code="a">Φυσική</subfield>
   <subfield code="a">Γενική φυσική</subfield>
   <subfield code="a">Στατιστική φυσική και θερμοδυναμική</subfield>
  </datafield>
  <datafield tag="653" ind1=" " ind2=" ">
   <subfield code="a">Χημεία/Γενική χημεία</subfield>
   <subfield code="a">Φυσικοχημεία</subfield>
  </datafield>
  <datafield tag="700" ind1="1" ind2=" ">
   <subfield code="a">Διάκονος, Φώτιος</subfield>
   <subfield code="e">Κριτικός αναγνώστης</subfield>
   <subfield code="8">1204</subfield>
  </datafield>
  <datafield tag="856" ind1="4" ind2="0">
   <subfield code="u">http://hdl.handle.net/11419/5053</subfield>
   <subfield code="z">Πλήρες Κείμενο - Full text</subfield>
  </datafield>
  <datafield tag="907" ind1=" " ind2=" ">
   <subfield code="a">.b2567948x</subfield>
   <subfield code="b">12-06-18</subfield>
   <subfield code="c">29-07-16</subfield>
  </datafield>
  <datafield tag="949" ind1=" " ind2=" ">
   <subfield code="0">0</subfield>
   <subfield code="1">0</subfield>
   <subfield code="2">ddc</subfield>
   <subfield code="4">0</subfield>
   <subfield code="6">536_000000000000000_ΚΟΥ</subfield>
   <subfield code="7">0</subfield>
   <subfield code="8">KALL</subfield>
   <subfield code="8">707</subfield>
   <subfield code="d">2016-04-13</subfield>
   <subfield code="r">2016-04-13</subfield>
   <subfield code="w">2016-04-13</subfield>
   <subfield code="z">536 ΚΟΥ</subfield>
   <subfield code="o">SEAB KALLIPOS</subfield>
  </datafield>
  <datafield tag="998" ind1=" " ind2=" ">
   <subfield code="a">80</subfield>
   <subfield code="a">01</subfield>
   <subfield code="a">02</subfield>
   <subfield code="a">03</subfield>
   <subfield code="a">04</subfield>
   <subfield code="a">05</subfield>
   <subfield code="a">06</subfield>
   <subfield code="a">07</subfield>
   <subfield code="a">08</subfield>
   <subfield code="a">09</subfield>
   <subfield code="a">10</subfield>
   <subfield code="a">11</subfield>
   <subfield code="a">12</subfield>
   <subfield code="a">13</subfield>
   <subfield code="a">14</subfield>
   <subfield code="a">16</subfield>
   <subfield code="a">15</subfield>
   <subfield code="a">17</subfield>
   <subfield code="a">18</subfield>
   <subfield code="a">19</subfield>
   <subfield code="a">20</subfield>
   <subfield code="a">21</subfield>
   <subfield code="a">22</subfield>
   <subfield code="a">23</subfield>
   <subfield code="a">24</subfield>
   <subfield code="a">25</subfield>
   <subfield code="a">26</subfield>
   <subfield code="b">16-05-17</subfield>
   <subfield code="c">m</subfield>
   <subfield code="d">z  </subfield>
   <subfield code="e">-</subfield>
   <subfield code="f">gre</subfield>
   <subfield code="g">gr </subfield>
   <subfield code="h">0</subfield>
  </datafield>
  <datafield tag="942" ind1=" " ind2=" ">
   <subfield code="2">ddc</subfield>
   <subfield code="c">KALLIPOS</subfield>
  </datafield>
 </record>
</collection>
